<?xml version="1.0" encoding="UTF-8"?>
<marc:record xmlns:marc="http://www.loc.gov/MARC21/slim">
   <marc:leader>00000nam a2200000 a 4500</marc:leader>
   <marc:datafield ind1="1" ind2=" " tag="100">
      <marc:subfield code="a">Yonezu, Yusuke</marc:subfield>
      <marc:subfield code="4">aut</marc:subfield>
      <marc:subfield code="e">Verfasser/-in</marc:subfield>
   </marc:datafield>
   <marc:datafield ind1="0" ind2="0" tag="245">
      <marc:subfield code="a">Überall Vierecke</marc:subfield>
   </marc:datafield>
   <marc:datafield ind1="0" ind2="0" tag="245">
      <marc:subfield code="c">Yusuke Yonezu</marc:subfield>
   </marc:datafield>
   <marc:datafield ind1=" " ind2="1" tag="264">
      <marc:subfield code="a">Bargteheide</marc:subfield>
      <marc:subfield code="b">Mined.</marc:subfield>
   </marc:datafield>
   <marc:datafield ind1="1" ind2=" " tag="520">
      <marc:subfield code="a">Vier Striche und vier Ecken - mehr braucht man nicht für ein Viereck. Eine einfache Form, aus der Yusuke Yonezu in seinem neuen Klapp-Pappbilderbuch vielfältige Dinge entstehen lässt. Beim Umklappen der Seiten kommen Straßenbahn, Kaffeekanne, Eiswürfel und vieles mehr zum Vorschein. Die hochwertige Verarbeitung und ausgestanzten Formen laden zum spielerischen Begreifen ein. (Verlagstext)</marc:subfield>
   </marc:datafield>
   <marc:datafield ind1=" " ind2=" " tag="020">
      <marc:subfield code="a">9783865662804</marc:subfield>
      <marc:subfield code="9">9783865662804</marc:subfield>
   </marc:datafield>
   <marc:datafield ind1=" " ind2=" " tag="300">
      <marc:subfield code="a">[28] S. : überw. Ill</marc:subfield>
   </marc:datafield>
</marc:record>
